| 000 | 00384nam a2200133Ia 4500 | ||
|---|---|---|---|
| 008 | 231017s9999 xx 000 0 und d | ||
| 082 | _a388.110973 | ||
| 082 | _bPAP | ||
| 245 | 4 | _aThe Socio-Economic Benefits of Roads in Europe - Nov 2007 Edition | |
| 245 | 0 | _cInternational Road Foundation (IRF) | |
| 260 | _bInternational Road Foundation (IRF) | ||
| 300 | _c30cm | ||
| 942 | _cREP | ||
| 999 |
_c604307 _d604307 |
||